000 01854cam a22004457a 4500
003 CHAP
005 20220329142033.0
008 990331d1998 mx rs o 11 spa d
010 _a77400
011 _a78372
020 _a970-13-2015-8
020 _a970-13-2040-9
020 _a970-13-2041-7
020 _a9701320166
035 _a88280
040 _cCHAP
082 0 4 _a338.972
_bI59 1997 Nay.
110 2 _aInstituto Nacional de Estadística, Geografía e Informática. México
_959304
245 1 0 _aCuaderno estadístico municipal :
_bNayarit
_c/por Instituto Nacional de Estadística, Geografía e Informática
260 _aAguascalientes, Ags. :
_bInstituto Nacional de Estadística, Geografía e Informática,
_c1998.
300 _av. :
_bgráfs.
500 _aLa biblioteca tiene : v.1 El Nayar -- v.2 Jala -- v.3 Ruiz -- v.4 San Pedro Lagunillas
590 _aBATCH-UPD
_b10
_c20130110
_lUCH01
_h0012
590 _aBATCH-UPD
_b10
_c20130110
_lUCH01
_h1733
590 _aBATCH-UPD
_b10
_c20130410
_lUCH01
_h1113
590 _aBATCH-UPD
_b10
_c20130914
_lUCH01
_h1502
590 _aCONVERSION
_b10
_c20130109
_lUCH01
_h1343
650 1 4 _aAgricultura
_xEstadisticas
_zNayarit.
_91460
650 1 4 _aGanadería
_xEstadísticas
_zNayarit.
_944718
650 1 4 _aNayarit
_xCondiciones económicas.
_980622
650 1 4 _aNayarit
_xEstadísticas.
_980626
650 1 4 _zNayarit
_xCondiciones sociales.
_9124377
901 _aBK
905 _aLilia Sánchez G.
942 _cLIBRO
949 _a338.972 I59 1997 Nay.
_bBC
_cINEGI
_d33724000719605
_eINEGI
_fv.1
_h94842
_i88280
_sb
949 _a338.972 I59 1997 Nay.
_bBC
_cINEGI
_d33724000719704
_eINEGI
_fv.4
_h94845
_i88280
_sb
949 _a338.972 I59 1997 Nay.
_bBC
_cINEGI
_d33724000719712
_eINEGI
_fv.3
_h94844
_i88280
_sb
949 _a338.972 I59 1997 Nay.
_bBC
_cINEGI
_d33724000719720
_eINEGI
_fv.2
_h94843
_i88280
_sb
999 _c77400
_d77400